Word Ladder: Morning Ritual Quiz Stats

 Plays Quiz Updated Feb 10, 2017

Support Sporcle.
Go Orange.
Score 0/18 Timer 02:00
2 Plays Today
Hint 4-Letter Word % Correct
Deeply unwealthyPOOR
96.9%
Move liquid from a container to a glassPOUR
95.7%
Golfer's shout after teeing offFORE
92.5%
Oliver's shout for additional foodMORE
92.4%
Amount paid for public transportationFARE
91.5%
The one next to Vermont is NewYORK
91%
• Second person possessive pronoun ••YOUR•
90.8%
TV alien played by Robin WilliamsMORK
89.2%
An indisputable bit of informationFACT
81.7%
Hint 4-Letter Word % Correct
Former Red Sox player Kevin, for shortYOUK
80.9%
Vertical side of a cliffFACE
80.7%
Just or without biasFAIR
80.4%
A rude individualBOOR
75.6%
With 'accompli', an irreversible outcomeFAIT
74.2%
• Famed 1967 hippie musical ••HAIR•
73.1%
A foolish or childish individualBOOB
56.4%
Fail on stageBOMB
55.7%
• Fleshy growth on top of a turkey or chicken head ••COMB•
54.9%

Today's Daily Dose

You're not logged in!

Compare scores with friends on all Sporcle quizzes.
OR
Log In

From the Vault

Letter Pyramid - Chemical Elements

by PenguinsMeercats

Imagine if we had a periodic pyramid instead of a table.
Remove Ads.
Support Sporcle.
Get the best of Sporcle when you Go Orange. This ad-free experience offers more features, more stats, and more fun while also helping to support Sporcle. Thank you for becoming a member.

Show Comments

Extras

Top Quizzes Today


Score Distribution

Your Account Isn't Verified!

In order to create a playlist on Sporcle, you need to verify the email address you used during registration. Go to your Sporcle Settings to finish the process.

Report this User

Report this user for behavior that violates our Community Guidelines.

Details: